000 00808nam a2200265 i 4500
001 C2-0308123
003 PPAK
005 20180728094920.0
008 110418s1994 my |||| ||||| | may d
020 _a9836241639
040 _aPPAK
_beng
_cPPAK
_erda
082 0 4 _a899.234
_223
090 0 0 _a899.234
_bSEM
_dKMI
245 0 0 _aSempana :
_bhimpunan esei penelitian oleh sarjana Kesusasteraan Meleyu antarabangsa
264 1 _aKuala Lumpur :
_bDewan Bahasa dan Pustaka ,
_c1994
300 _axxiii, 594 pages ;
_c22 cm
336 _2rdacontent
_atext
337 _2rdamedia
_aunmediated
338 _2rdacarrier
_avolume
650 1 0 _aMalay essays.
700 0 _aAhmad Razali Haji Yusof,
_eeditor
700 0 _aAhmad Kamal Abdullah
_eeditor
700 0 _aShamsuddin Jaafar
_eeditor
942 _ddc
_cB
999 _c110775
_d110775